Click the Van Morrison Song Title Ending - Statistics

General Stats
  • This quiz has been taken 114 times
  • The average score is 15 of 22
Answer Stats
Hint Answer % Correct
Brown Eyed Girl
100%
Days Like This
94%
Have I Told You Lately
92%
Someone Like You
91%
These Are the Days
87%
Summertime in England
85%
Cleaning Windows
74%
Bright Side of the Road
72%
Fair Play
70%
Full Force Gale
67%
Jackie Wilson Said
66%
Crazy Love
64%
Ant It Stoned Me
64%
Tore Down a la Rimbaud
63%
Sweet Thing
62%
Into the Mystic
61%
Tupelo Honey
54%
Wild Night
53%
Astral Weeks
53%
Irish Heartbeat
47%
Saint Dominic's Preview
44%
Queen of the Slipstream
38%
No matching quizzes found
Score Distribution
Percent of People with Each Score
Percentile by Number Answered
Your Score History
You have not taken this quiz